Second-grade pig pals / (Record no. 7154)

MARC details
000 -LEADER
fixed length control field 00988nam a22003017a 4500
001 - CONTROL NUMBER
control field 7154
003 - CONTROL NUMBER IDENTIFIER
control field FISKH
005 - DATE AND TIME OF LATEST TRANSACTION
control field 20250630105939.0
008 - FIXED-LENGTH DATA ELEMENTS--GENERAL INFORMATION
fixed length control field 250630b cb ||||| |||| 00| 0 eng d
020 ## - INTERNATIONAL STANDARD BOOK NUMBER
International Standard Book Number 9780439597661
040 ## - CATALOGING SOURCE
Original cataloging agency FISKH
Language of cataloging eng
Transcribing agency FISKH
Modifying agency FISKH
050 ## - LIBRARY OF CONGRESS CALL NUMBER
Classification number PZ7.L32394 S
082 ## - DEWEY DECIMAL CLASSIFICATION NUMBER
Classification number 328
100 ## - MAIN ENTRY--PERSONAL NAME
Personal name Larson, Kirby
Dates associated with a name (1954-)
245 ## - TITLE STATEMENT
Title Second-grade pig pals /
Statement of responsibility, etc. Kirby Larson ; Drawings by Nancy Poydar
250 ## - EDITION STATEMENT
Edition statement This edition first published in 2003
260 ## - PUBLICATION, DISTRIBUTION, ETC.
Place of publication, distribution, etc. New York :
Name of publisher, distributor, etc. Scholastic,
Date of publication, distribution, etc. 1994
300 ## - PHYSICAL DESCRIPTION
Extent 86 pages :
Other physical details illustrator
Dimensions 20 cm
505 ## - FORMATTED CONTENTS NOTE
Formatted contents note R<br/>
520 ## - SUMMARY, ETC.
Summary, etc. Second grader Quinn tries to earn a gold star on the bulletin board for National Pig Day and regain her friendship with a new student following a mix-up.<br/>
521 8# - TARGET AUDIENCE NOTE
Target audience note 580<br/>
Source Lexile<br/>
521 8# - TARGET AUDIENCE NOTE
Target audience note R<br/>
Source Raz-Plus<br/>
650 ## - SUBJECT ADDED ENTRY--TOPICAL TERM
Source of heading or term Pigs
Topical term or geographic name entry element Realistic fiction
650 ## - SUBJECT ADDED ENTRY--TOPICAL TERM
Source of heading or term Grade 2
Topical term or geographic name entry element The Whipping Boy
700 ## - ADDED ENTRY--PERSONAL NAME
Personal name Poydar, Kirby
Dates associated with a name illustrator
942 ## - ADDED ENTRY ELEMENTS (KOHA)
Source of classification or shelving scheme Dewey Decimal Classification
Koha item type Books
Suppress in OPAC No
Holdings
Withdrawn status Lost status Source of classification or shelving scheme Damaged status Not for loan Collection Home library Current library Shelving location Date acquired Total Checkouts Full call number Barcode Date last seen Date last checked out Copy number Price effective from Koha item type
    Dewey Decimal Classification     Juvenile Fiction Footprints International School Library Network Toul Tom Poung Campus Footprints International School Library Network Toul Tom Poung Campus TTP Primary Yellow Bookshelves 06/30/2025 1 LAR 328 PZ7.L32394 S 2025-1702 09/30/2025 07/15/2025 1 06/30/2025 Books